000 00475nam a2200145Ia 4500
008 100122s9999 xx 000 0 und d
082 _b69156
_a823
100 _aखरे नंदा
245 _aनांगरल्याविण भुई
260 _bग्रंथाली प्रकाशन
_c2005
300 _a179
630 _aनांगरल्याविण भुई
730 _aनांगरल्याविण भुई
942 _cBOOK
999 _c440607
_d440604